Biblioteca y Centro de Documentación

PISA 2006 (Registro nro. 20906)

Detalles MARC
000 -CABECERA
Longitud fija campo de control 02063nam a2200529 c 4500
001 - NÚMERO DE CONTROL
Número de control 20906
003 - IDENTIFICADOR DE NÚMERO DE CONTROL
Identificador del número de control ES-MaCES
005 - FECHA Y HORA DE LA ÚLTIMA TRANSACCIÓN
Fecha y hora de la última transacción 20150925134718.0
007 - PHYSICAL DESCRIPTION FIXED FIELD--GENERAL INFORMAT
Campo fijo de descripción física cr |||||||||||
008 - CAMPO FIJO DE DESCRIPCIÓN FIJA--INFORMACIÓN GENERAL
Códigos de información de longitud fija   080229s2007 fr ad t i000 | eng d
020 ## - ISBN (INTERNATIONAL STANDARD BOOK NUMBER)
Número Internacional Normalizado para Libros (ISBN) 9789264040007 (V.1)
020 ## - ISBN (INTERNATIONAL STANDARD BOOK NUMBER)
Número Internacional Normalizado para Libros (ISBN) 9789264040144 (V. 2)
035 ## - NÚMERO DE CONTROL DEL SISTEMA
Número de control del sistema CES20080001584m
040 ## - FUENTE DE CATALOGACIÓN
Centro catalogador de origen ES-MaCES
Lengua de catalogación spa
Centro transcriptor ES-MaCES
041 0# - CÓDIGO DE IDIOMA
Código de lengua del texto;banda sonora o título independiente eng
-- fre
245 00 - MENCIÓN DE TÍTULO
Título PISA 2006
Resto del título : Science competences for tomorrow's world
260 ## - PUBLICACIÓN, DISTRIBUCIÓN, ETC (PIE DE IMPRENTA)
Lugar de publicación, distribución, etc. Paris
Nombre del editor, distribuidor, etc. OECD
Fecha de publicación, distribución, etc. [2007]
300 ## - DESCRIPCIÓN FÍSICA
Extensión 2 v. (383, 310p.)
Otras características físicas gráf., il. col.
Dimensiones 27 cm
Material anejo 1 documento pdf (6,27 mb)
500 ## - NOTA GENERAL
Nota general Precede al tít. el desarrollo del acrónimo PISA: Programme for International Student Assessment
500 ## - NOTA GENERAL
Nota general Publ. simultáneamente en francés bajo el tít.: PISA 2006, les compétences en sciences, un atout pour réussir
505 0# - NOTA DE CONTENIDO FORMATEADA
Nota de contenido con formato v. 1: Analysis -- v. 2: Data / données
541 ## - NOTA DE LA FUENTE INMEDIANTE DE ADQUISICIÓN
Forma de adquisición Compra
650 #4 - ASIENTO SECUNDARIO DE MATERIA--TÉRMINO DE MATERIA
Término de materia o nombre geográfico como elemento inicial estudiante
9 (RLIN) 27441
650 #4 - ASIENTO SECUNDARIO DE MATERIA--TÉRMINO DE MATERIA
Término de materia o nombre geográfico como elemento inicial ciencia
9 (RLIN) 28831
650 #4 - ASIENTO SECUNDARIO DE MATERIA--TÉRMINO DE MATERIA
Término de materia o nombre geográfico como elemento inicial matemáticas
9 (RLIN) 28885
650 #4 - ASIENTO SECUNDARIO DE MATERIA--TÉRMINO DE MATERIA
Término de materia o nombre geográfico como elemento inicial lectura
9 (RLIN) 27477
650 #4 - ASIENTO SECUNDARIO DE MATERIA--TÉRMINO DE MATERIA
Término de materia o nombre geográfico como elemento inicial nivel educativo
9 (RLIN) 27448
650 #4 - ASIENTO SECUNDARIO DE MATERIA--TÉRMINO DE MATERIA
Término de materia o nombre geográfico como elemento inicial política educativa
9 (RLIN) 27373
650 #4 - ASIENTO SECUNDARIO DE MATERIA--TÉRMINO DE MATERIA
Término de materia o nombre geográfico como elemento inicial país de la OCDE
9 (RLIN) 29055
650 #4 - ASIENTO SECUNDARIO DE MATERIA--TÉRMINO DE MATERIA
Término de materia o nombre geográfico como elemento inicial programa de formación
9 (RLIN) 29083
650 #4 - ASIENTO SECUNDARIO DE MATERIA--TÉRMINO DE MATERIA
Término de materia o nombre geográfico como elemento inicial 2006
9 (RLIN) 31838
650 #4 - ASIENTO SECUNDARIO DE MATERIA--TÉRMINO DE MATERIA
Término de materia o nombre geográfico como elemento inicial informe técnico
9 (RLIN) 28987
653 10 - TÉRMINO DE INDEXACIÓN--NO CONTROLADO
Término no controlado Educación
650 #4 - ASIENTO SECUNDARIO DE MATERIA--TÉRMINO DE MATERIA
9 (RLIN) 29282
Término de materia o nombre geográfico como elemento inicial evaluación del nivel de formación
650 #4 - ASIENTO SECUNDARIO DE MATERIA--TÉRMINO DE MATERIA
9 (RLIN) 29952
Término de materia o nombre geográfico como elemento inicial nivel de calificación
710 2# - ENCABEZAMIENTO SECUNDARIO--NOMBRE CORPORATIVO
Nombre de entidad o nombre de jurisdicción como elemento inicial Organización de Cooperación y Desarrollo Económico
Término indicativo de función ed.
9 (RLIN) 4694
740 02 - ENCABEZAMIENTO SECUNDARIO--TÍTULO ANALÍTICO/RELACIONADO NO CONTROLADO
Título relacionado o analítico no controlado Programme for International Student Assessment
740 02 - ENCABEZAMIENTO SECUNDARIO--TÍTULO ANALÍTICO/RELACIONADO NO CONTROLADO
Título relacionado o analítico no controlado PISA 2006, les compétences en sciences, un atout pour réussir
767 0# - ENTRADA DE TRADUCCIÓN
Título Informe PISA 2006
Número de control del registro relacionado (ES-MaCES)20988
787 0# - ENTRADA DE OTRAS ESPECIFICACIONES
Título Learning for tomorrow's world
Número de control del registro relacionado (ES-MaCES)19125
787 0# - ENTRADA DE OTRAS ESPECIFICACIONES
Título PISA 2003 technical report
Número de control del registro relacionado (ES-MaCES)18213
787 0# - ENTRADA DE OTRAS ESPECIFICACIONES
Título Where immigrant students succeed
Número de control del registro relacionado (ES-MaCES)19126
856 4# - ACCESO ELECTRÓNICO
Identificador Uniforme del Recurso (URI) <a href="http://biblioteca.ces.es/repintra/47-24445.pdf">http://biblioteca.ces.es/repintra/47-24445.pdf</a>
Texto del enlace texto completo (v.1)
Nota pública [intranet]
902 ## - CES. TIPO DE DOCUMENTO
Tipodoc (006$c Sirtex) LIB Libro
942 ## - ELEMENTOS KOHA
Fuente de clasificaión o esquema Clasificación propia del CES
Koha [por defecto] tipo de item Monografías
Parte de clasificación 4.0.
Existencias
Número de registro Signatura completa Tipo de item de Koha
070237 DPT-12546 Monografías
070238 DPT-12542 Monografías
© CES, Consejo Económico y Social de España 2021